Central Library OPAC University of Rajshahi
Normal view MARC view

Entry Uniform Title

Number of records used in: 4

001 - CONTROL NUMBER

  • control field: 12116

003 - CONTROL NUMBER IDENTIFIER

  • control field: BD-RjUL

005 - DATE AND TIME OF LATEST TRANSACTION

  • control field: 20240306140949.0

008 - FIXED-LENGTH DATA ELEMENTS

  • fixed length control field: 240306|| aca||aabn | a|a d

040 ## - CATALOGING SOURCE

  • Original cataloging agency: BD-RjUL
  • Transcribing agency: BD-RjUL

130 ## - HEADING--UNIFORM TITLE

  • Uniform title: اردوكا كلاسيكي ادب

670 ## - SOURCE DATA FOUND

  • Source citation: Work cat.: (BD-RjUL)83254: شبلي، محمد نعماني، 1858-1914, مؤلف 12111, سوانح مولانا روم /Swaneh Maulana Rum /